Manufacturing policy in the furniture industry
সংরক্ষণ করুন:
| প্রধান লেখক: | |
|---|---|
| বিন্যাস: | গ্রন্থ |
| ভাষা: | Undetermined |
| প্রকাশিত: |
Harvard
Richard D. Irwin, Inc
1957
|
| বিষয়গুলি: | |
| ট্যাগগুলো: |
ট্যাগ যুক্ত করুন
কোনো ট্যাগ নেই, প্রথমজন হিসাবে ট্যাগ করুন!
|
| Thư viện lưu trữ: | Trung tâm Học liệu Trường Đại học Cần Thơ |
|---|
| LEADER | 00542nam a2200193Ia 4500 | ||
|---|---|---|---|
| 001 | CTU_81498 | ||
| 008 | 210402s9999 xx 000 0 und d | ||
| 082 | |a 338.4 | ||
| 082 | |b S826 | ||
| 100 | |a Skinner, Wickham | ||
| 245 | 0 | |a Manufacturing policy in the furniture industry | |
| 245 | 0 | |c Wickham Skinner | |
| 260 | |a Harvard | ||
| 260 | |b Richard D. Irwin, Inc | ||
| 260 | |c 1957 | ||
| 650 | |a Furniture industry and trade | ||
| 650 | |z United state | ||
| 904 | |i Trọng Hải | ||
| 980 | |a Trung tâm Học liệu Trường Đại học Cần Thơ | ||